<?xml version="1.0" encoding="UTF-8"?>
<collection xmlns="http://www.loc.gov/MARC21/slim">
<record>
  <controlfield tag="001">186792</controlfield>
  <controlfield tag="005">20260319125829.0</controlfield>
  <datafield tag="024" ind1="7" ind2=" ">
    <subfield code="a">10.1103/PhysRevC.77.064313</subfield>
    <subfield code="2">doi</subfield>
  </datafield>
  <datafield tag="024" ind1="7" ind2=" ">
    <subfield code="a">0556-2813</subfield>
    <subfield code="2">ISSN</subfield>
  </datafield>
  <datafield tag="024" ind1="7" ind2=" ">
    <subfield code="a">1089-490X</subfield>
    <subfield code="2">ISSN</subfield>
  </datafield>
  <datafield tag="024" ind1="7" ind2=" ">
    <subfield code="a">2469-9993</subfield>
    <subfield code="2">ISSN</subfield>
  </datafield>
  <datafield tag="024" ind1="7" ind2=" ">
    <subfield code="a">WOS:000257290000025</subfield>
    <subfield code="2">WOS</subfield>
  </datafield>
  <datafield tag="037" ind1=" " ind2=" ">
    <subfield code="a">GSI-2016-01290</subfield>
  </datafield>
  <datafield tag="041" ind1=" " ind2=" ">
    <subfield code="a">eng</subfield>
  </datafield>
  <datafield tag="082" ind1=" " ind2=" ">
    <subfield code="a">530</subfield>
  </datafield>
  <datafield tag="100" ind1="1" ind2=" ">
    <subfield code="a">Lozeva, R. L.</subfield>
    <subfield code="b">0</subfield>
  </datafield>
  <datafield tag="245" ind1=" " ind2=" ">
    <subfield code="a">New sub- μ s isomers in 125 , 127 , 129 Sn and isomer systematics of 124 − 130 Sn</subfield>
  </datafield>
  <datafield tag="260" ind1=" " ind2=" ">
    <subfield code="a">Woodbury, NY</subfield>
    <subfield code="c">2008</subfield>
    <subfield code="b">Inst.</subfield>
  </datafield>
  <datafield tag="336" ind1="7" ind2=" ">
    <subfield code="a">Journal Article</subfield>
    <subfield code="0">0</subfield>
    <subfield code="2">EndNote</subfield>
  </datafield>
  <datafield tag="336" ind1="7" ind2=" ">
    <subfield code="a">article</subfield>
    <subfield code="2">DRIVER</subfield>
  </datafield>
  <datafield tag="336" ind1="7" ind2=" ">
    <subfield code="a">Journal Article</subfield>
    <subfield code="b">journal</subfield>
    <subfield code="m">journal</subfield>
    <subfield code="0">PUB:(DE-HGF)16</subfield>
    <subfield code="s">1460060212_14365</subfield>
    <subfield code="2">PUB:(DE-HGF)</subfield>
  </datafield>
  <datafield tag="336" ind1="7" ind2=" ">
    <subfield code="a">ARTICLE</subfield>
    <subfield code="2">BibTeX</subfield>
  </datafield>
  <datafield tag="536" ind1=" " ind2=" ">
    <subfield code="a">899 - ohne Topic (POF3-899)</subfield>
    <subfield code="0">G:(DE-HGF)POF3-899</subfield>
    <subfield code="c">POF3-899</subfield>
    <subfield code="f">POF III</subfield>
    <subfield code="x">0</subfield>
  </datafield>
  <datafield tag="542" ind1=" " ind2=" ">
    <subfield code="i">2008-06-17</subfield>
    <subfield code="2">Crossref</subfield>
    <subfield code="u">http://link.aps.org/licenses/aps-default-license</subfield>
  </datafield>
  <datafield tag="588" ind1=" " ind2=" ">
    <subfield code="a">Dataset connected to CrossRef</subfield>
  </datafield>
  <datafield tag="700" ind1="1" ind2=" ">
    <subfield code="a">Simpson, G. S.</subfield>
    <subfield code="b">1</subfield>
  </datafield>
  <datafield tag="700" ind1="1" ind2=" ">
    <subfield code="a">Grawe, H.</subfield>
    <subfield code="b">2</subfield>
  </datafield>
  <datafield tag="700" ind1="1" ind2=" ">
    <subfield code="a">Neyens, G.</subfield>
    <subfield code="b">3</subfield>
  </datafield>
  <datafield tag="700" ind1="1" ind2=" ">
    <subfield code="a">Atanasova, L. A.</subfield>
    <subfield code="b">4</subfield>
  </datafield>
  <datafield tag="700" ind1="1" ind2=" ">
    <subfield code="a">Balabanski, D. L.</subfield>
    <subfield code="b">5</subfield>
  </datafield>
  <datafield tag="700" ind1="1" ind2=" ">
    <subfield code="a">Bazzacco, D.</subfield>
    <subfield code="b">6</subfield>
  </datafield>
  <datafield tag="700" ind1="1" ind2=" ">
    <subfield code="a">Becker, F.</subfield>
    <subfield code="b">7</subfield>
  </datafield>
  <datafield tag="700" ind1="1" ind2=" ">
    <subfield code="a">Bednarczyk, P.</subfield>
    <subfield code="b">8</subfield>
  </datafield>
  <datafield tag="700" ind1="1" ind2=" ">
    <subfield code="a">Benzoni, G.</subfield>
    <subfield code="b">9</subfield>
  </datafield>
  <datafield tag="700" ind1="1" ind2=" ">
    <subfield code="a">Blasi, N.</subfield>
    <subfield code="b">10</subfield>
  </datafield>
  <datafield tag="700" ind1="1" ind2=" ">
    <subfield code="a">Blazhev, A.</subfield>
    <subfield code="b">11</subfield>
  </datafield>
  <datafield tag="700" ind1="1" ind2=" ">
    <subfield code="a">Bracco, A.</subfield>
    <subfield code="b">12</subfield>
  </datafield>
  <datafield tag="700" ind1="1" ind2=" ">
    <subfield code="a">Brandau, C.</subfield>
    <subfield code="0">P:(DE-Ds200)OR0158</subfield>
    <subfield code="b">13</subfield>
    <subfield code="u">gsi</subfield>
  </datafield>
  <datafield tag="700" ind1="1" ind2=" ">
    <subfield code="a">Cáceres, L.</subfield>
    <subfield code="b">14</subfield>
  </datafield>
  <datafield tag="700" ind1="1" ind2=" ">
    <subfield code="a">Camera, F.</subfield>
    <subfield code="b">15</subfield>
  </datafield>
  <datafield tag="700" ind1="1" ind2=" ">
    <subfield code="a">Chamoli, S. K.</subfield>
    <subfield code="b">16</subfield>
  </datafield>
  <datafield tag="700" ind1="1" ind2=" ">
    <subfield code="a">Crespi, F. C. L.</subfield>
    <subfield code="b">17</subfield>
  </datafield>
  <datafield tag="700" ind1="1" ind2=" ">
    <subfield code="a">Daugas, J.-M.</subfield>
    <subfield code="b">18</subfield>
  </datafield>
  <datafield tag="700" ind1="1" ind2=" ">
    <subfield code="a">Detistov, P.</subfield>
    <subfield code="b">19</subfield>
  </datafield>
  <datafield tag="700" ind1="1" ind2=" ">
    <subfield code="a">De Rydt, M.</subfield>
    <subfield code="b">20</subfield>
  </datafield>
  <datafield tag="700" ind1="1" ind2=" ">
    <subfield code="a">Doornenbal, P.</subfield>
    <subfield code="b">21</subfield>
  </datafield>
  <datafield tag="700" ind1="1" ind2=" ">
    <subfield code="a">Fahlander, C.</subfield>
    <subfield code="b">22</subfield>
  </datafield>
  <datafield tag="700" ind1="1" ind2=" ">
    <subfield code="a">Farnea, E.</subfield>
    <subfield code="b">23</subfield>
  </datafield>
  <datafield tag="700" ind1="1" ind2=" ">
    <subfield code="a">Georgiev, G.</subfield>
    <subfield code="b">24</subfield>
  </datafield>
  <datafield tag="700" ind1="1" ind2=" ">
    <subfield code="a">Gerl, J.</subfield>
    <subfield code="0">P:(DE-Ds200)OR0351</subfield>
    <subfield code="b">25</subfield>
    <subfield code="u">gsi</subfield>
  </datafield>
  <datafield tag="700" ind1="1" ind2=" ">
    <subfield code="a">Gladnishki, K. A.</subfield>
    <subfield code="b">26</subfield>
  </datafield>
  <datafield tag="700" ind1="1" ind2=" ">
    <subfield code="a">Górska, M.</subfield>
    <subfield code="b">27</subfield>
  </datafield>
  <datafield tag="700" ind1="1" ind2=" ">
    <subfield code="a">Grębosz, J.</subfield>
    <subfield code="0">P:(DE-Ds200)OR0375</subfield>
    <subfield code="b">28</subfield>
    <subfield code="u">gsi</subfield>
  </datafield>
  <datafield tag="700" ind1="1" ind2=" ">
    <subfield code="a">Hass, M.</subfield>
    <subfield code="b">29</subfield>
  </datafield>
  <datafield tag="700" ind1="1" ind2=" ">
    <subfield code="a">Hoischen, R.</subfield>
    <subfield code="0">P:(DE-Ds200)OR2084</subfield>
    <subfield code="b">30</subfield>
    <subfield code="u">gsi</subfield>
  </datafield>
  <datafield tag="700" ind1="1" ind2=" ">
    <subfield code="a">Ilie, G.</subfield>
    <subfield code="b">31</subfield>
  </datafield>
  <datafield tag="700" ind1="1" ind2=" ">
    <subfield code="a">Ionescu-Bujor, M.</subfield>
    <subfield code="b">32</subfield>
  </datafield>
  <datafield tag="700" ind1="1" ind2=" ">
    <subfield code="a">Iordachescu, A.</subfield>
    <subfield code="b">33</subfield>
  </datafield>
  <datafield tag="700" ind1="1" ind2=" ">
    <subfield code="a">Jolie, J.</subfield>
    <subfield code="b">34</subfield>
  </datafield>
  <datafield tag="700" ind1="1" ind2=" ">
    <subfield code="a">Jungclaus, A.</subfield>
    <subfield code="b">35</subfield>
  </datafield>
  <datafield tag="700" ind1="1" ind2=" ">
    <subfield code="a">Kmiecik, M.</subfield>
    <subfield code="b">36</subfield>
  </datafield>
  <datafield tag="700" ind1="1" ind2=" ">
    <subfield code="a">Kojouharov, I.</subfield>
    <subfield code="0">P:(DE-Ds200)OR0614</subfield>
    <subfield code="b">37</subfield>
    <subfield code="u">gsi</subfield>
  </datafield>
  <datafield tag="700" ind1="1" ind2=" ">
    <subfield code="a">Kurz, N.</subfield>
    <subfield code="0">P:(DE-Ds200)OR0674</subfield>
    <subfield code="b">38</subfield>
    <subfield code="u">gsi</subfield>
  </datafield>
  <datafield tag="700" ind1="1" ind2=" ">
    <subfield code="a">Lakshmi, S. P.</subfield>
    <subfield code="b">39</subfield>
  </datafield>
  <datafield tag="700" ind1="1" ind2=" ">
    <subfield code="a">Bianco, G. Lo</subfield>
    <subfield code="b">40</subfield>
  </datafield>
  <datafield tag="700" ind1="1" ind2=" ">
    <subfield code="a">Mallion, S.</subfield>
    <subfield code="b">41</subfield>
  </datafield>
  <datafield tag="700" ind1="1" ind2=" ">
    <subfield code="a">Maj, A.</subfield>
    <subfield code="b">42</subfield>
  </datafield>
  <datafield tag="700" ind1="1" ind2=" ">
    <subfield code="a">Montanari, D.</subfield>
    <subfield code="b">43</subfield>
  </datafield>
  <datafield tag="700" ind1="1" ind2=" ">
    <subfield code="a">Perru, O.</subfield>
    <subfield code="b">44</subfield>
  </datafield>
  <datafield tag="700" ind1="1" ind2=" ">
    <subfield code="a">Pfützner, M.</subfield>
    <subfield code="b">45</subfield>
  </datafield>
  <datafield tag="700" ind1="1" ind2=" ">
    <subfield code="a">Pietri, S.</subfield>
    <subfield code="0">P:(DE-Ds200)OR1548</subfield>
    <subfield code="b">46</subfield>
    <subfield code="u">gsi</subfield>
  </datafield>
  <datafield tag="700" ind1="1" ind2=" ">
    <subfield code="a">Pinston, J. A.</subfield>
    <subfield code="b">47</subfield>
  </datafield>
  <datafield tag="700" ind1="1" ind2=" ">
    <subfield code="a">Podolyák, Zs.</subfield>
    <subfield code="b">48</subfield>
  </datafield>
  <datafield tag="700" ind1="1" ind2=" ">
    <subfield code="a">Prokopowicz, W.</subfield>
    <subfield code="0">P:(DE-Ds200)BUDP1-0251</subfield>
    <subfield code="b">49</subfield>
    <subfield code="u">gsi</subfield>
  </datafield>
  <datafield tag="700" ind1="1" ind2=" ">
    <subfield code="a">Rudolph, D.</subfield>
    <subfield code="b">50</subfield>
  </datafield>
  <datafield tag="700" ind1="1" ind2=" ">
    <subfield code="a">Rusev, G.</subfield>
    <subfield code="b">51</subfield>
  </datafield>
  <datafield tag="700" ind1="1" ind2=" ">
    <subfield code="a">Saitoh, T. R.</subfield>
    <subfield code="b">52</subfield>
  </datafield>
  <datafield tag="700" ind1="1" ind2=" ">
    <subfield code="a">Saltarelli, A.</subfield>
    <subfield code="b">53</subfield>
  </datafield>
  <datafield tag="700" ind1="1" ind2=" ">
    <subfield code="a">Schaffner, H.</subfield>
    <subfield code="0">P:(DE-Ds200)OR1090</subfield>
    <subfield code="b">54</subfield>
    <subfield code="u">gsi</subfield>
  </datafield>
  <datafield tag="700" ind1="1" ind2=" ">
    <subfield code="a">Schwengner, R.</subfield>
    <subfield code="b">55</subfield>
  </datafield>
  <datafield tag="700" ind1="1" ind2=" ">
    <subfield code="a">Tashenov, S.</subfield>
    <subfield code="b">56</subfield>
  </datafield>
  <datafield tag="700" ind1="1" ind2=" ">
    <subfield code="a">Turzó, K.</subfield>
    <subfield code="b">57</subfield>
  </datafield>
  <datafield tag="700" ind1="1" ind2=" ">
    <subfield code="a">Valiente-Dobón, J. J.</subfield>
    <subfield code="b">58</subfield>
  </datafield>
  <datafield tag="700" ind1="1" ind2=" ">
    <subfield code="a">Vermeulen, N.</subfield>
    <subfield code="b">59</subfield>
  </datafield>
  <datafield tag="700" ind1="1" ind2=" ">
    <subfield code="a">Walker, J.</subfield>
    <subfield code="b">60</subfield>
  </datafield>
  <datafield tag="700" ind1="1" ind2=" ">
    <subfield code="a">Werner-Malento, E.</subfield>
    <subfield code="b">61</subfield>
  </datafield>
  <datafield tag="700" ind1="1" ind2=" ">
    <subfield code="a">Wieland, O.</subfield>
    <subfield code="b">62</subfield>
  </datafield>
  <datafield tag="700" ind1="1" ind2=" ">
    <subfield code="a">Wollersheim, H.-J.</subfield>
    <subfield code="0">P:(DE-Ds200)OR1419</subfield>
    <subfield code="b">63</subfield>
    <subfield code="u">gsi</subfield>
  </datafield>
  <datafield tag="773" ind1="1" ind2="8">
    <subfield code="a">10.1103/physrevc.77.064313</subfield>
    <subfield code="b">American Physical Society (APS)</subfield>
    <subfield code="d">2008-06-17</subfield>
    <subfield code="n">6</subfield>
    <subfield code="p">064313</subfield>
    <subfield code="3">journal-article</subfield>
    <subfield code="2">Crossref</subfield>
    <subfield code="t">Physical Review C</subfield>
    <subfield code="v">77</subfield>
    <subfield code="y">2008</subfield>
    <subfield code="x">0556-2813</subfield>
  </datafield>
  <datafield tag="773" ind1=" " ind2=" ">
    <subfield code="a">10.1103/PhysRevC.77.064313</subfield>
    <subfield code="g">Vol. 77, no. 6, p. 064313</subfield>
    <subfield code="0">PERI:(DE-600)2844098-5</subfield>
    <subfield code="n">6</subfield>
    <subfield code="p">064313</subfield>
    <subfield code="t">Physical review / C</subfield>
    <subfield code="v">77</subfield>
    <subfield code="y">2008</subfield>
    <subfield code="x">0556-2813</subfield>
  </datafield>
  <datafield tag="909" ind1="C" ind2="O">
    <subfield code="o">oai:repository.gsi.de:186792</subfield>
    <subfield code="p">VDB</subfield>
  </datafield>
  <datafield tag="910" ind1="1" ind2=" ">
    <subfield code="a">GSI Helmholtzzentrum für Schwerionenforschung GmbH</subfield>
    <subfield code="0">I:(DE-Ds200)20121206GSI</subfield>
    <subfield code="k">GSI</subfield>
    <subfield code="b">13</subfield>
    <subfield code="6">P:(DE-Ds200)OR0158</subfield>
  </datafield>
  <datafield tag="910" ind1="1" ind2=" ">
    <subfield code="a">GSI Helmholtzzentrum für Schwerionenforschung GmbH</subfield>
    <subfield code="0">I:(DE-Ds200)20121206GSI</subfield>
    <subfield code="k">GSI</subfield>
    <subfield code="b">25</subfield>
    <subfield code="6">P:(DE-Ds200)OR0351</subfield>
  </datafield>
  <datafield tag="910" ind1="1" ind2=" ">
    <subfield code="a">GSI Helmholtzzentrum für Schwerionenforschung GmbH</subfield>
    <subfield code="0">I:(DE-Ds200)20121206GSI</subfield>
    <subfield code="k">GSI</subfield>
    <subfield code="b">28</subfield>
    <subfield code="6">P:(DE-Ds200)OR0375</subfield>
  </datafield>
  <datafield tag="910" ind1="1" ind2=" ">
    <subfield code="a">GSI Helmholtzzentrum für Schwerionenforschung GmbH</subfield>
    <subfield code="0">I:(DE-Ds200)20121206GSI</subfield>
    <subfield code="k">GSI</subfield>
    <subfield code="b">30</subfield>
    <subfield code="6">P:(DE-Ds200)OR2084</subfield>
  </datafield>
  <datafield tag="910" ind1="1" ind2=" ">
    <subfield code="a">GSI Helmholtzzentrum für Schwerionenforschung GmbH</subfield>
    <subfield code="0">I:(DE-Ds200)20121206GSI</subfield>
    <subfield code="k">GSI</subfield>
    <subfield code="b">37</subfield>
    <subfield code="6">P:(DE-Ds200)OR0614</subfield>
  </datafield>
  <datafield tag="910" ind1="1" ind2=" ">
    <subfield code="a">GSI Helmholtzzentrum für Schwerionenforschung GmbH</subfield>
    <subfield code="0">I:(DE-Ds200)20121206GSI</subfield>
    <subfield code="k">GSI</subfield>
    <subfield code="b">38</subfield>
    <subfield code="6">P:(DE-Ds200)OR0674</subfield>
  </datafield>
  <datafield tag="910" ind1="1" ind2=" ">
    <subfield code="a">GSI Helmholtzzentrum für Schwerionenforschung GmbH</subfield>
    <subfield code="0">I:(DE-Ds200)20121206GSI</subfield>
    <subfield code="k">GSI</subfield>
    <subfield code="b">46</subfield>
    <subfield code="6">P:(DE-Ds200)OR1548</subfield>
  </datafield>
  <datafield tag="910" ind1="1" ind2=" ">
    <subfield code="a">GSI Helmholtzzentrum für Schwerionenforschung GmbH</subfield>
    <subfield code="0">I:(DE-Ds200)20121206GSI</subfield>
    <subfield code="k">GSI</subfield>
    <subfield code="b">49</subfield>
    <subfield code="6">P:(DE-Ds200)BUDP1-0251</subfield>
  </datafield>
  <datafield tag="910" ind1="1" ind2=" ">
    <subfield code="a">GSI Helmholtzzentrum für Schwerionenforschung GmbH</subfield>
    <subfield code="0">I:(DE-Ds200)20121206GSI</subfield>
    <subfield code="k">GSI</subfield>
    <subfield code="b">54</subfield>
    <subfield code="6">P:(DE-Ds200)OR1090</subfield>
  </datafield>
  <datafield tag="910" ind1="1" ind2=" ">
    <subfield code="a">GSI Helmholtzzentrum für Schwerionenforschung GmbH</subfield>
    <subfield code="0">I:(DE-Ds200)20121206GSI</subfield>
    <subfield code="k">GSI</subfield>
    <subfield code="b">63</subfield>
    <subfield code="6">P:(DE-Ds200)OR1419</subfield>
  </datafield>
  <datafield tag="913" ind1="1" ind2=" ">
    <subfield code="a">DE-HGF</subfield>
    <subfield code="b">Programmungebundene Forschung</subfield>
    <subfield code="l">ohne Programm</subfield>
    <subfield code="1">G:(DE-HGF)POF3-890</subfield>
    <subfield code="0">G:(DE-HGF)POF3-899</subfield>
    <subfield code="2">G:(DE-HGF)POF3-800</subfield>
    <subfield code="v">ohne Topic</subfield>
    <subfield code="x">0</subfield>
    <subfield code="4">G:(DE-HGF)POF</subfield>
    <subfield code="3">G:(DE-HGF)POF3</subfield>
  </datafield>
  <datafield tag="915" ind1=" " ind2=" ">
    <subfield code="a">Nationallizenz</subfield>
    <subfield code="0">StatID:(DE-HGF)0420</subfield>
    <subfield code="2">StatID</subfield>
  </datafield>
  <datafield tag="915" ind1=" " ind2=" ">
    <subfield code="a">DBCoverage</subfield>
    <subfield code="0">StatID:(DE-HGF)0200</subfield>
    <subfield code="2">StatID</subfield>
    <subfield code="b">SCOPUS</subfield>
  </datafield>
  <datafield tag="915" ind1=" " ind2=" ">
    <subfield code="a">JCR</subfield>
    <subfield code="0">StatID:(DE-HGF)0100</subfield>
    <subfield code="2">StatID</subfield>
    <subfield code="b">PHYS REV C : 2014</subfield>
  </datafield>
  <datafield tag="915" ind1=" " ind2=" ">
    <subfield code="a">DBCoverage</subfield>
    <subfield code="0">StatID:(DE-HGF)0300</subfield>
    <subfield code="2">StatID</subfield>
    <subfield code="b">Medline</subfield>
  </datafield>
  <datafield tag="915" ind1=" " ind2=" ">
    <subfield code="a">DBCoverage</subfield>
    <subfield code="0">StatID:(DE-HGF)0199</subfield>
    <subfield code="2">StatID</subfield>
    <subfield code="b">Thomson Reuters Master Journal List</subfield>
  </datafield>
  <datafield tag="915" ind1=" " ind2=" ">
    <subfield code="a">WoS</subfield>
    <subfield code="0">StatID:(DE-HGF)0110</subfield>
    <subfield code="2">StatID</subfield>
    <subfield code="b">Science Citation Index</subfield>
  </datafield>
  <datafield tag="915" ind1=" " ind2=" ">
    <subfield code="a">DBCoverage</subfield>
    <subfield code="0">StatID:(DE-HGF)0150</subfield>
    <subfield code="2">StatID</subfield>
    <subfield code="b">Web of Science Core Collection</subfield>
  </datafield>
  <datafield tag="915" ind1=" " ind2=" ">
    <subfield code="a">WoS</subfield>
    <subfield code="0">StatID:(DE-HGF)0111</subfield>
    <subfield code="2">StatID</subfield>
    <subfield code="b">Science Citation Index Expanded</subfield>
  </datafield>
  <datafield tag="915" ind1=" " ind2=" ">
    <subfield code="a">DBCoverage</subfield>
    <subfield code="0">StatID:(DE-HGF)1150</subfield>
    <subfield code="2">StatID</subfield>
    <subfield code="b">Current Contents - Physical, Chemical and Earth Sciences</subfield>
  </datafield>
  <datafield tag="915" ind1=" " ind2=" ">
    <subfield code="a">IF &lt; 5</subfield>
    <subfield code="0">StatID:(DE-HGF)9900</subfield>
    <subfield code="2">StatID</subfield>
  </datafield>
  <datafield tag="920" ind1="1" ind2=" ">
    <subfield code="0">I:(DE-Ds200)ATP-20051214OR020</subfield>
    <subfield code="k">ATP</subfield>
    <subfield code="l">Atomphysik</subfield>
    <subfield code="x">0</subfield>
  </datafield>
  <datafield tag="920" ind1="1" ind2=" ">
    <subfield code="0">I:(DE-Ds200)FRS-20110310OR124</subfield>
    <subfield code="k">FRS</subfield>
    <subfield code="l">FRS / SFRS Experimente</subfield>
    <subfield code="x">1</subfield>
  </datafield>
  <datafield tag="920" ind1="1" ind2=" ">
    <subfield code="0">I:(DE-Ds200)KSP-20080822OR106</subfield>
    <subfield code="k">KSP</subfield>
    <subfield code="l">Kernspektroskopie</subfield>
    <subfield code="x">2</subfield>
  </datafield>
  <datafield tag="980" ind1=" " ind2=" ">
    <subfield code="a">journal</subfield>
  </datafield>
  <datafield tag="980" ind1=" " ind2=" ">
    <subfield code="a">VDB</subfield>
  </datafield>
  <datafield tag="980" ind1=" " ind2=" ">
    <subfield code="a">I:(DE-Ds200)20110830OR020</subfield>
  </datafield>
  <datafield tag="980" ind1=" " ind2=" ">
    <subfield code="a">I:(DE-Ds200)ATP-20051214OR020</subfield>
  </datafield>
  <datafield tag="980" ind1=" " ind2=" ">
    <subfield code="a">I:(DE-Ds200)20110831OR124</subfield>
  </datafield>
  <datafield tag="980" ind1=" " ind2=" ">
    <subfield code="a">I:(DE-Ds200)FRS-20110310OR124</subfield>
  </datafield>
  <datafield tag="980" ind1=" " ind2=" ">
    <subfield code="a">I:(DE-Ds200)20120123OR106</subfield>
  </datafield>
  <datafield tag="980" ind1=" " ind2=" ">
    <subfield code="a">I:(DE-Ds200)KSP-20080822OR106</subfield>
  </datafield>
  <datafield tag="980" ind1=" " ind2=" ">
    <subfield code="a">UNRESTRICTED</subfield>
  </datafield>
  <datafield tag="999" ind1="C" ind2="5">
    <subfield code="a">10.1103/PhysRevC.62.057305</subfield>
    <subfield code="9">-- missing cx lookup --</subfield>
    <subfield code="2">Crossref</subfield>
  </datafield>
  <datafield tag="999" ind1="C" ind2="5">
    <subfield code="a">10.1016/0370-2693(94)90537-1</subfield>
    <subfield code="9">-- missing cx lookup --</subfield>
    <subfield code="2">Crossref</subfield>
  </datafield>
  <datafield tag="999" ind1="C" ind2="5">
    <subfield code="a">10.1103/PhysRevLett.68.1671</subfield>
    <subfield code="9">-- missing cx lookup --</subfield>
    <subfield code="2">Crossref</subfield>
  </datafield>
  <datafield tag="999" ind1="C" ind2="5">
    <subfield code="a">10.1088/0031-8949/1995/T56/015</subfield>
    <subfield code="9">-- missing cx lookup --</subfield>
    <subfield code="2">Crossref</subfield>
  </datafield>
  <datafield tag="999" ind1="C" ind2="5">
    <subfield code="a">10.1007/s100500170091</subfield>
    <subfield code="9">-- missing cx lookup --</subfield>
    <subfield code="2">Crossref</subfield>
  </datafield>
  <datafield tag="999" ind1="C" ind2="5">
    <subfield code="1">M. Hellström</subfield>
    <subfield code="y">2003</subfield>
    <subfield code="2">Crossref</subfield>
    <subfield code="t">Proceedings of the International Workshop XXXI on Cross Properties of Nuclei and Nuclear Excitations, Hirschegg, Austria</subfield>
    <subfield code="o">M. Hellström Proceedings of the International Workshop XXXI on Cross Properties of Nuclei and Nuclear Excitations, Hirschegg, Austria 2003</subfield>
  </datafield>
  <datafield tag="999" ind1="C" ind2="5">
    <subfield code="1">M. Mineva</subfield>
    <subfield code="y">2002</subfield>
    <subfield code="2">Crossref</subfield>
    <subfield code="t">Proceedings of the Third International Conference on Fission and Properties of Neutron-Rich Nuclei</subfield>
    <subfield code="o">M. Mineva Proceedings of the Third International Conference on Fission and Properties of Neutron-Rich Nuclei 2002</subfield>
  </datafield>
  <datafield tag="999" ind1="C" ind2="5">
    <subfield code="a">10.1103/PhysRevLett.99.132501</subfield>
    <subfield code="9">-- missing cx lookup --</subfield>
    <subfield code="2">Crossref</subfield>
  </datafield>
  <datafield tag="999" ind1="C" ind2="5">
    <subfield code="a">10.1103/PhysRevC.76.044324</subfield>
    <subfield code="9">-- missing cx lookup --</subfield>
    <subfield code="2">Crossref</subfield>
  </datafield>
  <datafield tag="999" ind1="C" ind2="5">
    <subfield code="a">10.1103/PhysRevC.61.024312</subfield>
    <subfield code="9">-- missing cx lookup --</subfield>
    <subfield code="2">Crossref</subfield>
  </datafield>
  <datafield tag="999" ind1="C" ind2="5">
    <subfield code="a">10.1088/0954-3899/30/2/R02</subfield>
    <subfield code="9">-- missing cx lookup --</subfield>
    <subfield code="2">Crossref</subfield>
  </datafield>
  <datafield tag="999" ind1="C" ind2="5">
    <subfield code="a">10.1103/PhysRevC.65.034322</subfield>
    <subfield code="9">-- missing cx lookup --</subfield>
    <subfield code="2">Crossref</subfield>
  </datafield>
  <datafield tag="999" ind1="C" ind2="5">
    <subfield code="a">10.1016/0375-9474(81)90374-2</subfield>
    <subfield code="9">-- missing cx lookup --</subfield>
    <subfield code="2">Crossref</subfield>
  </datafield>
  <datafield tag="999" ind1="C" ind2="5">
    <subfield code="a">10.1103/PhysRevC.22.2163</subfield>
    <subfield code="9">-- missing cx lookup --</subfield>
    <subfield code="2">Crossref</subfield>
  </datafield>
  <datafield tag="999" ind1="C" ind2="5">
    <subfield code="a">10.1007/978-3-540-44490-9_2</subfield>
    <subfield code="9">-- missing cx lookup --</subfield>
    <subfield code="1">H. Grawe</subfield>
    <subfield code="p">33 -</subfield>
    <subfield code="2">Crossref</subfield>
    <subfield code="t">Lect. Notes Phys.</subfield>
    <subfield code="v">651</subfield>
    <subfield code="y">2004</subfield>
  </datafield>
  <datafield tag="999" ind1="C" ind2="5">
    <subfield code="1">R. F. Casten</subfield>
    <subfield code="y">2000</subfield>
    <subfield code="2">Crossref</subfield>
    <subfield code="t">Nuclear Structure from a Simple Perspective,</subfield>
    <subfield code="o">R. F. Casten Nuclear Structure from a Simple Perspective, 2000</subfield>
  </datafield>
  <datafield tag="999" ind1="C" ind2="5">
    <subfield code="a">10.1016/0168-583X(92)95944-M</subfield>
    <subfield code="9">-- missing cx lookup --</subfield>
    <subfield code="2">Crossref</subfield>
  </datafield>
  <datafield tag="999" ind1="C" ind2="5">
    <subfield code="a">10.1103/PhysRevC.53.R1483</subfield>
    <subfield code="9">-- missing cx lookup --</subfield>
    <subfield code="2">Crossref</subfield>
  </datafield>
  <datafield tag="999" ind1="C" ind2="5">
    <subfield code="a">10.1103/PhysRevC.65.051306</subfield>
    <subfield code="9">-- missing cx lookup --</subfield>
    <subfield code="2">Crossref</subfield>
  </datafield>
  <datafield tag="999" ind1="C" ind2="5">
    <subfield code="a">10.1103/PhysRevC.65.034313</subfield>
    <subfield code="9">-- missing cx lookup --</subfield>
    <subfield code="2">Crossref</subfield>
  </datafield>
  <datafield tag="999" ind1="C" ind2="5">
    <subfield code="a">10.1103/PhysRevC.72.061305</subfield>
    <subfield code="9">-- missing cx lookup --</subfield>
    <subfield code="2">Crossref</subfield>
  </datafield>
  <datafield tag="999" ind1="C" ind2="5">
    <subfield code="a">10.1016/0168-9002(95)00794-6</subfield>
    <subfield code="9">-- missing cx lookup --</subfield>
    <subfield code="2">Crossref</subfield>
  </datafield>
  <datafield tag="999" ind1="C" ind2="5">
    <subfield code="a">10.1016/j.nima.2004.08.072</subfield>
    <subfield code="9">-- missing cx lookup --</subfield>
    <subfield code="2">Crossref</subfield>
  </datafield>
  <datafield tag="999" ind1="C" ind2="5">
    <subfield code="1">G. Neyens</subfield>
    <subfield code="y">2007</subfield>
    <subfield code="2">Crossref</subfield>
    <subfield code="o">G. Neyens 2007</subfield>
  </datafield>
  <datafield tag="999" ind1="C" ind2="5">
    <subfield code="a">10.1016/j.ppnp.2006.12.016</subfield>
    <subfield code="9">-- missing cx lookup --</subfield>
    <subfield code="2">Crossref</subfield>
  </datafield>
  <datafield tag="999" ind1="C" ind2="5">
    <subfield code="a">10.1016/S0168-9002(96)00793-0</subfield>
    <subfield code="9">-- missing cx lookup --</subfield>
    <subfield code="2">Crossref</subfield>
  </datafield>
  <datafield tag="999" ind1="C" ind2="5">
    <subfield code="a">10.1051/jphyscol:19801012</subfield>
    <subfield code="9">-- missing cx lookup --</subfield>
    <subfield code="1">B. Herskind</subfield>
    <subfield code="p">106 -</subfield>
    <subfield code="2">Crossref</subfield>
    <subfield code="t">J. Phys. (Paris) Colloq.</subfield>
    <subfield code="v">41</subfield>
    <subfield code="y">1980</subfield>
  </datafield>
  <datafield tag="999" ind1="C" ind2="5">
    <subfield code="a">10.1016/0168-9002(95)00184-0</subfield>
    <subfield code="9">-- missing cx lookup --</subfield>
    <subfield code="2">Crossref</subfield>
  </datafield>
  <datafield tag="999" ind1="C" ind2="5">
    <subfield code="a">10.1006/ndsh.1993.1014</subfield>
    <subfield code="9">-- missing cx lookup --</subfield>
    <subfield code="2">Crossref</subfield>
  </datafield>
  <datafield tag="999" ind1="C" ind2="5">
    <subfield code="a">10.1016/0029-554X(74)90667-3</subfield>
    <subfield code="9">-- missing cx lookup --</subfield>
    <subfield code="2">Crossref</subfield>
  </datafield>
  <datafield tag="999" ind1="C" ind2="5">
    <subfield code="a">10.1016/j.apradiso.2003.11.059</subfield>
    <subfield code="9">-- missing cx lookup --</subfield>
    <subfield code="2">Crossref</subfield>
  </datafield>
  <datafield tag="999" ind1="C" ind2="5">
    <subfield code="a">10.1016/j.cpc.2006.09.006</subfield>
    <subfield code="9">-- missing cx lookup --</subfield>
    <subfield code="2">Crossref</subfield>
  </datafield>
  <datafield tag="999" ind1="C" ind2="5">
    <subfield code="a">10.1006/ndsh.1994.1043</subfield>
    <subfield code="9">-- missing cx lookup --</subfield>
    <subfield code="2">Crossref</subfield>
  </datafield>
  <datafield tag="999" ind1="C" ind2="5">
    <subfield code="a">10.1103/PhysRevC.69.054307</subfield>
    <subfield code="9">-- missing cx lookup --</subfield>
    <subfield code="2">Crossref</subfield>
  </datafield>
  <datafield tag="999" ind1="C" ind2="5">
    <subfield code="a">10.1016/0375-9474(79)90108-8</subfield>
    <subfield code="9">-- missing cx lookup --</subfield>
    <subfield code="2">Crossref</subfield>
  </datafield>
  <datafield tag="999" ind1="C" ind2="5">
    <subfield code="a">10.1016/0370-1573(95)00012-6</subfield>
    <subfield code="9">-- missing cx lookup --</subfield>
    <subfield code="2">Crossref</subfield>
  </datafield>
  <datafield tag="999" ind1="C" ind2="5">
    <subfield code="a">10.1088/0034-4885/70/9/R02</subfield>
    <subfield code="9">-- missing cx lookup --</subfield>
    <subfield code="2">Crossref</subfield>
  </datafield>
  <datafield tag="999" ind1="C" ind2="5">
    <subfield code="a">10.1140/epja/i2006-10217-3</subfield>
    <subfield code="9">-- missing cx lookup --</subfield>
    <subfield code="2">Crossref</subfield>
  </datafield>
  <datafield tag="999" ind1="C" ind2="5">
    <subfield code="a">10.1007/BF01288478</subfield>
    <subfield code="9">-- missing cx lookup --</subfield>
    <subfield code="2">Crossref</subfield>
  </datafield>
  <datafield tag="999" ind1="C" ind2="5">
    <subfield code="a">10.1016/j.adt.2005.04.001</subfield>
    <subfield code="9">-- missing cx lookup --</subfield>
    <subfield code="2">Crossref</subfield>
  </datafield>
  <datafield tag="999" ind1="C" ind2="5">
    <subfield code="a">10.1006/ndsh.2001.0007</subfield>
    <subfield code="9">-- missing cx lookup --</subfield>
    <subfield code="2">Crossref</subfield>
  </datafield>
  <datafield tag="999" ind1="C" ind2="5">
    <subfield code="a">10.1006/ndsh.1997.0009</subfield>
    <subfield code="9">-- missing cx lookup --</subfield>
    <subfield code="2">Crossref</subfield>
  </datafield>
  <datafield tag="999" ind1="C" ind2="5">
    <subfield code="a">10.1006/ndsh.1995.1022</subfield>
    <subfield code="9">-- missing cx lookup --</subfield>
    <subfield code="2">Crossref</subfield>
  </datafield>
  <datafield tag="999" ind1="C" ind2="5">
    <subfield code="a">10.1006/ndsh.2002.0012</subfield>
    <subfield code="9">-- missing cx lookup --</subfield>
    <subfield code="2">Crossref</subfield>
  </datafield>
  <datafield tag="999" ind1="C" ind2="5">
    <subfield code="a">10.1016/j.nds.2007.02.001</subfield>
    <subfield code="9">-- missing cx lookup --</subfield>
    <subfield code="2">Crossref</subfield>
  </datafield>
  <datafield tag="999" ind1="C" ind2="5">
    <subfield code="a">10.1006/ndsh.2001.0019</subfield>
    <subfield code="9">-- missing cx lookup --</subfield>
    <subfield code="2">Crossref</subfield>
  </datafield>
  <datafield tag="999" ind1="C" ind2="5">
    <subfield code="a">10.1006/ndsh.2001.0012</subfield>
    <subfield code="9">-- missing cx lookup --</subfield>
    <subfield code="2">Crossref</subfield>
  </datafield>
  <datafield tag="999" ind1="C" ind2="5">
    <subfield code="a">10.1103/PhysRevC.70.034312</subfield>
    <subfield code="9">-- missing cx lookup --</subfield>
    <subfield code="2">Crossref</subfield>
  </datafield>
  <datafield tag="999" ind1="C" ind2="5">
    <subfield code="a">10.1016/j.nima.2008.02.051</subfield>
    <subfield code="9">-- missing cx lookup --</subfield>
    <subfield code="2">Crossref</subfield>
  </datafield>
  <datafield tag="999" ind1="C" ind2="5">
    <subfield code="a">10.1103/PhysRevLett.63.860</subfield>
    <subfield code="9">-- missing cx lookup --</subfield>
    <subfield code="2">Crossref</subfield>
  </datafield>
  <datafield tag="999" ind1="C" ind2="5">
    <subfield code="a">10.1016/S0375-9474(98)00146-8</subfield>
    <subfield code="9">-- missing cx lookup --</subfield>
    <subfield code="2">Crossref</subfield>
  </datafield>
  <datafield tag="999" ind1="C" ind2="5">
    <subfield code="a">10.1140/epja/i2006-08-040-7</subfield>
    <subfield code="9">-- missing cx lookup --</subfield>
    <subfield code="2">Crossref</subfield>
  </datafield>
</record>
</collection>